Sure shot : the 100 most common golf mistakes and how to correct them /

Bibliographic Details
Main Author: Wiren, Gary
Other Authors: Taylor, Dawson
Format: Book
Language:English
Published: Chicago : Contemporary Books, [1987]
Subjects:

MARC

Tag First Indicator Second Indicator Subfields
LEADER 00000cam a2200000 a 4500
001 in00000009307
005 20151007051522.0
008 870209s1987 ilua 00110 eng
010 |a  87005298  
020 |a 0809251043 (pbk.) :  |c $10.95 
035 |a (OCoLC)15252349 
035 |9 AAA3389AM 
040 |a DLC  |c DLC  |d TXA  |d UtOrBLW 
049 |a TXAM  |c [A11028254] 
050 0 0 |a GV965  |b .W735 1987 
082 0 |a 796.352/3  |2 19 
100 1 |a Wiren, Gary. 
245 1 0 |a Sure shot :  |b the 100 most common golf mistakes and how to correct them /  |c Gary Wiren with Dawson Taylor. 
264 1 |a Chicago :  |b Contemporary Books,  |c [1987] 
264 4 |c ©1987 
300 |a 172 pages :  |b illustrations ;  |c 28 cm. 
336 |a text  |b txt  |2 rdacontent 
337 |a unmediated  |b n  |2 rdamedia 
338 |a volume  |b nc  |2 rdacarrier 
500 |a Includes index. 
650 0 |a Golf. 
700 1 |a Taylor, Dawson. 
999 |a MARS 
999 f f |s 28d2d558-3fd9-3135-93da-6be404189361  |i 152f76c6-516d-3a03-ba47-c45535b5d2ac  |t 0 
952 f f |p normal  |a Texas A&M University  |b College Station  |c Sterling C. Evans Library  |d Evans: Library Stacks  |t 0  |e GV965 .W735 1987  |h Library of Congress classification  |i unmediated -- volume  |m A14811028254 
998 f f |a GV965 .W735 1987  |t 0  |l Evans: Library Stacks